000 00314nam a2200133Ia 4500
008 240624s9999 xx 000 0 und d
041 _aeng
082 _a302.35 IGN
100 _aIGNOU
245 _aSOCIAL PROCESSES AND ISSUES 1
260 _c2005
_aNew Delhi
_bIGNOU
300 _a34 : p. : cm. ; 26
365 _cRS
999 _c7202
_d7202